00222nam a2200097Ia 4500008004100000041000800041100002700049245002000076260000900096999001900105230508s1984 xx 000 0 und d aeng aUMRANI G.G.,JOSHI P.R. aAPPLIED PHYSICS c1984 c726069d726069